00535nam a22001577a 450000500170000001000150001702000260003203500130005803700130007108200080008410000210009224501210011326000470023427000650028130000310034620140407123056.0 aENG-109594 a9788172543518c350.00 aEN-93127 bDBAD/PUB a000 aSubburaj, V.V.K. aSura's CMAT (common management admission test) for all management programmes approved by AICTE /cby V.V.K. Subburaj aChennaibSura College of Competitionc2013 a1620, 'J' Block, 16th Main Road, Anna NagarbChennaie600040 avaroius pagingsc24cm(pbk)